000 00358nam a2200121 4500
999 _c13628
_d13628
008 190329b ||||| |||| 00| 0 eng d
100 _937965
_aMorrell, Adam B.
245 _aUM inaugurates new bleachers/
_cAdam B. Morrell
260 _aDavao City
_bSun Star Davao
_cc2018
300 _apage 15.
650 0 _937966
_aUniversity of Mindanao.
942 _2ddc
_cPER